000 00585nam a2200193 i 4500
001 59512
003 ES-MaACL
005 20260525062927.0
007 t|
008 031029s1946 ag ||||1| spa d
100 1 _aEizaguirre, Jaime.
_946878
245 1 0 _aVentura de Pedro Valdivia /
_cJaime Eyzaguirre.
260 _a[Buenos Aires] :
_bEspasa-Calpe,
_c[1946] (
_fFabril Financiera)
300 _a174 p. :
_bretr. biog. ;
_c18 cm.
490 1 _aColección austral ;
_v641
830 0 _aColección austral
_v641
_9177655
852 _aES-MaACL
_jC-4909
_bR.25642
999 _c59512
_d59512